000 00743nam a22001817a 4500
005 20220729143217.0
008 220728s2007 mx a|||f |||| 00| 0 spa d
020 _a978-968-865-146-9
040 _cCHAP
082 _a305.80097247
_bC96
_222
245 _aCultura, poder y reproducción étnica en Tlaxcala, México /
_ccompilado por Osvaldo Romero.
264 _aTlaxcala, México :
_bUniversidad Autonoma de Tlaxcala :
_bUniversidad de la Fontera, Chile :
_bEl Colegio de Tlaxcala,
_c2007.
300 _a244 páginas :
_bfiguras.
650 0 _9185262
_aIndios de México
_zTlaxcala (Estado)
_xVida social y costumbres
650 7 _9113480
_aTlaxcala
_xPolítica y gobierno
700 _9185261
_aRomero, Osvaldo
_eCompilador
942 _2ddc
_cLIBRO
999 _c217450
_d217450